[Event "Fast Game"]
[Site "www.echecsemail.com"]
[Date "2016.02.19"]
[Round "1"]
[White "Maredocla"]
[Black "Hennie4820"]
[WhiteElo "1880"]
[BlackElo "1710"]
[Result "0-1"]
[Round "1"]
1.f4 e5
2.fxe5 d6
3.exd6 Bf8xd6
4.Ng1f3 g5
5.g3 g4
6.Nf3h4 f5
7.e3 Ng8f6
8.Bf1g2 Nb8c6
9.Bg2xc6 bxc6
10.Nb1c3 Nf6h5
11.Nc3e2 O-O
12.b3 Qd8f6
13.Ne2c3 Bc8a6
14.Bc1b2 Ra8e8
15.Nc3a4 Bd6e5
16.d4 Be5d6
17.h3 Bd6xg3
18.Kd2 Bg3xh4
19.hxg4 Nh5g3
20.gxf5 Bh4g5
21.Qd1g4 Re8xe3
22.Na4c3 Re3e4
{ resign }
0-1

[Event "Tourn. n8514"]
[Site "www.chess-mail.com"]
[Date "2016.02.20"]
[Round "1"]
[White "Expert"]
[Black "Julian"]
[WhiteElo "1850"]
[BlackElo "1930"]
[Result "1/2-1/2"]
[Round "1"]
1.d4 Ng8f6
2.c4 g6
3.g3 Bf8g7
4.Bf1g2 c6
5.e4 d6
6.Nb1c3 O-O
7.Ng1e2 Qd8c7
8.O-O e5
9.d5 Nb8d7
10.h3 Rf8e8
11.Bc1g5 h6
12.Bg5e3 Kh7
13.Ra1c1 Nd7f8
14.b4 Nf6g8
15.a4 f5
16.f4 a6
17.Qd1d2 Ng8f6
18.exf5 Bc8xf5
19.g4 Bf5d7
20.fxe5 dxe5
21.g5 hxg5
22.Be3xg5 Bd7f5
23.dxc6 bxc6
24.Ne2g3 Nf8e6
25.Bg5xf6 Bg7xf6
26.Ng3xf5 gxf5
27.Rf1xf5 Qc7g7
28.Kh1 Ne6f4
29.Nc3e4 Re8e6
30.Ne4xf6 Re6xf6
31.Rf5xf6 Qg7xf6
32.Rc1f1 Ra8g8
33.Rf1g1 Qf6h4
34.Bg2e4 Kh8
35.Rg1xg8 Kxg8
36.Be4g2 Nf4xh3
37.Bg2xh3 Qh4xh3
38.Qd2h2 Qh3c3
39.Qh2g2 { draw }
1/2-1/2

[Event "Tourn. n8655"]
[Site "www.chess-mail.com"]
[Date "2016.02.20"]
[Round "1"]
[White "Bojan"]
[Black "Elogic"]
[WhiteElo "2020"]
[BlackElo "1960"]
[Result "1-0"]
[Round "1"]
1.c4 e5
2.a3 c5
3.Nb1c3 g6
4.g3 Bf8g7
5.Bf1g2 Ng8f6
6.Ra1b1 a6
7.b4 d6
8.bxc5 dxc5
9.Bg2xb7 Bc8xb7
10.Rb1xb7 e4
11.Qd1c2 Qd8d4
12.Qc2a4 Kd8
13.Ng1h3 Nf6g4
14.e3 Qd4d3
15.Nc3d5 Ng4e5
16.Nh3f4 Qd3xc4
17.Qa4a5 Ke8
18.Rb7e7 { resign }
1-0

[Event "Tourn. n8534"]
[Site "www.chess-mail.com"]
[Date "2016.02.20"]
[Round "1"]
[White "Norlavuaram"]
[Black "Goofy"]
[WhiteElo "2150"]
[BlackElo "2260"]
[Result "0-1"]
[Round "1"]
1.e4 d5
2.exd5 Ng8f6
3.c4 e6
4.dxe6 Bc8xe6
5.Nb1c3 Nb8c6
6.Ng1f3 Qd8e7
7.b3 Be6xc4
8.Bf1e2 Bc4d3
9.O-O O-O-O
10.Rf1e1 Qe7c5
11.Be2xd3 Rd8xd3
12.Bc1b2 Bf8d6
13.Ra1c1 Qc5h5
14.h3 Qh5h6
15.Nc3e4 Nf6xe4
16.Re1xe4 f6
17.Qd1e2 Rd3d5
18.Re4h4 Rd5h5
19.Rh4xh5 Qh6xh5
20.Qe2e6 Kd8
21.Qe6e3 Rh8e8
22.Qe3d3 Kc8
23.a3 Qh5g6
24.Qd3xg6 hxg6
25.Kf1 g5
26.b4 Kd7
27.d4 a5
28.b5 Nc6a7
29.a4 Na7c8
30.Nf3d2 Nc8b6
31.g3 Nb6xa4
32.Bb2a1 Na4b6
33.Nd2f3 Nb6d5
34.Nf3d2 Bd6b4
35.Nd2c4 b6
36.Ba1b2 Re8e6
37.Rc1d1 Bb4c3
38.Bb2c1 c6
39.bxc6 Re6xc6
40.Nc4e3 Nd5xe3
41.fxe3 b5
42.Ke2 a4
43.Rd1d3 b4
44.e4 a3
45.d5 Rc6c4
46.Ke3 a2
{ resign }
0-1

[Event "Tourn. n8633"]
[Site "www.chess-mail.com"]
[Date "2016.02.20"]
[Round "1"]
[White "Gatrooper"]
[Black "Duff"]
[WhiteElo "1700"]
[BlackElo "1870"]
[Result "0-1"]
[Round "1"]
1.e4 e5
2.a3 Ng8f6
3.Nb1c3 Nb8c6
4.Ng1f3 Bf8c5
5.d3 d6
6.Bc1g5 h6
7.Bg5xf6 Qd8xf6
8.Nc3d5 Qf6d8
9.Nf3h4 Bc8e6
10.Nd5e3 Qd8xh4
11.g3 Qh4g5
12.h4 Qg5f6
13.Qd1e2 Nc6d4
14.Qe2d1 Nd4f3
15.Ke2 Bc5xe3
16.fxe3 Be6g4
17.Bf1g2 Nf3xh4
18.Bg2f3 Bg4xf3
19.Kd2 Bf3xd1
20.Ra1xd1 Nh4g6
21.Rd1f1 Qf6e6
22.c3 O-O-O
23.c4 Rh8f8
24.Rf1c1 f5
25.exf5 Rf8xf5
26.Rh1e1 Rf5f2
27.Re1e2 Rf2xe2
28.Kxe2 Qe6g4
29.Kd2 Rd8f8
30.Kc3 Qg4xg3
31.Rc1c2 Qg3xe3
32.Rc2d2 Rf8f2
33.Rd2d1 Qe3e2
34.Rd1b1 Qe2c2
35.Kb4 Qc2xb1
36.Ka4 Qb1xb2
37.c5 Rf2f4
38.Ka5 Qb2xa3
39.Kb5 Qa3b4
{ resign }
0-1

[Event "Tourn. n8558"]
[Site "www.chess-mail.com"]
[Date "2016.02.20"]
[Round "1"]
[White "Szustan"]
[Black "Yangqi"]
[WhiteElo "2720"]
[BlackElo "2630"]
[Result "1/2-1/2"]
[Round "1"]
1.e4 e5
2.Ng1f3 Nb8c6
3.Nb1c3 Ng8f6
4.d4 exd4
5.Nc3d5 Bf8e7
6.Bf1c4 O-O
7.O-O d6
8.Nf3xd4 Nc6xd4
9.Qd1xd4 Nf6xd5
10.Qd4xd5 Bc8e6
11.Qd5d3 Qd8d7
12.Bc1e3 Be6xc4
13.Qd3xc4 Be7f6
14.c3 Rf8e8
15.f3 b5
16.Qc4d3 a6
17.Ra1d1 Ra8b8
18.b3 Qd7e6
19.Be3d4 Bf6g5
20.Rf1e1 h6
21.g3 c5
22.Bd4f2 Re8d8
23.Qd3c2 a5
24.Rd1d5 a4
25.bxa4 bxa4
26.c4 Bg5f6
27.Qc2d1 Rd8c8
28.Qd1xa4 Rb8b2
29.e5 Bf6xe5
30.f4 Qe6f6
31.Qa4d7 Rc8b8
32.Re1f1 Qf6e6
33.Qd7xe6 fxe6
34.Rd5d3 Be5f6
35.Rd3xd6 Rb2xa2
36.Bf2xc5 Bf6e7
37.Rd6c6 Be7xc5
38.Rc6xc5 Rb8b2
{ draw }
1/2-1/2

[Event "Tourn. n8549"]
[Site "www.chess-mail.com"]
[Date "2016.02.20"]
[Round "1"]
[White "Norlavuaram"]
[Black "Sfalcao"]
[WhiteElo "2160"]
[BlackElo "2050"]
[Result "1-0"]
[Round "1"]
1.e4 c5
2.Ng1f3 d6
3.Bf1b5 Bc8d7
4.Qd1e2 Bd7xb5
5.Qe2xb5 Qd8d7
6.Qb5xd7 Nb8xd7
7.O-O Ng8f6
8.Rf1e1 e5
9.c3 Bf8e7
10.d4 O-O
11.Nb1d2 cxd4
12.cxd4  { time }
1-0

[Event "Tourn. n8554"]
[Site "www.chess-mail.com"]
[Date "2016.02.20"]
[Round "1"]
[White "Falcoale"]
[Black "Attatroll"]
[WhiteElo "1720"]
[BlackElo "1890"]
[Result "1-0"]
[Round "1"]
1.e4 d6
2.Ng1f3 g6
3.d4 Bf8g7
4.Bc1e3 Ng8f6
5.Bf1d3 Nf6g4
6.Be3d2 O-O
7.h3 Ng4f6
8.O-O c6
9.c3 Nb8d7
10.Qd1c1 c5
11.Bd2h6 cxd4
12.Bh6xg7 Kxg7
13.cxd4 Nd7b6
14.a3 Bc8d7
15.b4 Ra8c8
16.Qc1d2 Bd7a4
17.Nb1c3 Ba4d7
18.e5 Nf6d5
19.Nc3xd5 Nb6xd5
20.Nf3h2 a6
21.Qd2g5 Bd7c6
22.Nh2g4 dxe5
23.Qg5xe5 f6
24.Qe5e1 Nd5f4
25.Bd3e4 Bc6b5
26.Qe1d2 Bb5xf1
27.Qd2xf4 Bf1b5
28.Be4xb7 Rc8c2
29.Qf4h6 Kg8
30.Qh6e3 Qd8c7
31.Bb7e4 Rc2c3
32.Qe3h6 Qc7d6
33.Ra1e1 Qd6xd4
34.Be4xg6 hxg6
35.Qh6xg6 Kh8
36.Qg6h5 Kg8
37.Ng4h6 Kh8
38.Nh6f5 Kg8
39.Qh5g6 { resign }
1-0

[Event "Tourn. n8557"]
[Site "www.chess-mail.com"]
[Date "2016.02.20"]
[Round "1"]
[White "Emiondi"]
[Black "Marbachess"]
[WhiteElo "2189"]
[BlackElo "2200"]
[Result "0-1"]
[Round "1"]
1.d4 f5
2.c4 Ng8f6
3.g3 g6
4.Bf1g2 Bf8g7
5.Ng1f3 O-O
6.O-O d6
7.Nb1c3 c6
8.b3 Nb8a6
9.Rf1e1 Bc8d7
10.Bc1b2 Na6c7
11.e4 fxe4
12.Nc3xe4 Nf6xe4
13.Re1xe4 Bd7f5
14.Re4e1 Qd8d7
15.Qd1d2 Ra8e8
16.Nf3h4 Bf5h3
17.Ra1d1 Bh3xg2
18.Kxg2 c5
19.dxc5 Bg7xb2
20.Qd2xb2 g5
21.cxd6 exd6
22.Re1xe8 Qd7xe8
23.Rd1d4 h5
24.Rd4xd6 gxh4
25.gxh4 Qe8e4
26.Kg1 Nc7e6
27.Qb2c3 Qe4b1
28.Kg2 Ne6f4
{ resign }
0-1

[Event "Tourn. n8650"]
[Site "www.chess-mail.com"]
[Date "2016.02.20"]
[Round "1"]
[White "Bojan"]
[Black "Elogic"]
[WhiteElo "2010"]
[BlackElo "1900"]
[Result "1-0"]
[Round "1"]
1.c4 g6
2.Nb1c3 Bf8g7
3.g3 c6
4.b4 Bg7xc3
5.dxc3 d6
6.Bc1e3 Bc8e6
7.c5 Be6d5
8.f3 Ng8f6
9.cxd6 Qd8xd6
10.Be3h6 Nf6g4
11.Bh6f4 e5
12.Bf4c1 Ng4f6
13.Bf1g2 b5
14.e4 g5
15.exd5 Nf6xd5
16.Bc1xg5 Qd6e6
17.Qd1d2 f5
18.Bg2h3 a5
19.Ng1e2 e4
20.O-O h6
21.Ne2d4 Qe6d6
22.Nd4xf5 Qd6e5
23.f4 Qe5c7
24.Bg5h4 axb4
25.cxb4 Ra8a4
26.a3 h5
27.Rf1e1 Qc7b6
28.Kh1 O-O
29.Re1xe4 c5
30.Qd2xd5 Kh8
31.Re4e7 cxb4
32.Qd5e5 Kg8
33.Qe5g7 { resign }
1-0

[Event "Tourn. n8570"]
[Site "www.chess-mail.com"]
[Date "2016.02.20"]
[Round "1"]
[White "Falcoale"]
[Black "Roque1"]
[WhiteElo "1680"]
[BlackElo "1820"]
[Result "1/2-1/2"]
[Round "1"]
1.e4 c5
2.b3 Nb8c6
3.Ng1f3 Ng8f6
4.Bf1d3 e5
5.Bc1b2 Qd8c7
6.O-O d6
7.c4 Bf8e7
8.Nb1c3 Bc8g4
9.h3 Nc6b4
10.Bd3e2 Bg4h5
11.Nf3h4 Bh5g6
12.Nh4xg6 hxg6
13.f4 Rh8h4
14.a3 Nb4c6
15.Nc3b5 Qc7d7
16.d3 O-O-O
17.fxe5 dxe5
18.Nb5c3 Rd8h8
19.Nc3d5 Nc6d4
20.Nd5xe7 Qd7xe7
21.Bb2xd4 cxd4
22.a4 g5
{ draw }
1/2-1/2

[Event "Tourn. n8473"]
[Site "www.chess-mail.com"]
[Date "2016.02.20"]
[Round "1"]
[White "Norlavuaram"]
[Black "Libiesse"]
[WhiteElo "2320"]
[BlackElo "2050"]
[Result "1/2-1/2"]
[Round "1"]
1.e4 c5
2.Ng1f3 e6
3.d4 cxd4
4.Nf3xd4 Nb8c6
5.Bc1e3 Ng8f6
6.Bf1d3 d6
7.c4 Qd8c7
8.O-O Bf8e7
9.Nb1c3 a6
10.Qd1e2 Bc8d7
11.b3 O-O
12.Ra1c1 Nc6e5
13.Bd3b1 Ra8b8
14.h3 Bd7c6
15.f3 Nf6h5
16.Qe2f2 Nh5f6
17.f4 Ne5d7
18.g4 Nd7c5
19.Nd4xc6 Qc7xc6
20.Be3xc5 dxc5
21.e5 Nf6d7
22.Bb1e4 Qc6c7
23.Rc1d1 Rf8d8
24.Be4f3 Nd7f8
25.Nc3e4 Nf8g6
26.Bf3h1 b6
27.h4 Be7xh4
28.Qf2h2 Rd8xd1
29.Rf1xd1 Rb8d8
30.Ne4d6 Bh4e7
31.f5 exf5
32.gxf5 Ng6f8
33.Bh1e4 h6
34.Rd1d2 Nf8h7
35.Be4d5 Nh7g5
36.Qh2h5 Be7xd6
37.exd6 Rd8xd6
38.Rd2e2 Qc7d7
39.Qh5g4 Rd6f6
40.Re2f2 Qd7e7
41.Rf2e2 Qe7d7
42.Re2f2 b5
43.Kg2 Ng5h7
44.Qg4e4 Nh7g5
45.Qe4e5 bxc4
46.bxc4 Qd7d6
47.Qe5xd6 Rf6xd6
48.Rf2e2 Kf8
49.Re2b2 f6
50.Rb2b8 Ke7
51.Rb8c8 Rd6b6
52.Rc8c7 Kd6
53.Rc7xg7 Rb6b2
54.Kg3 Rb2xa2
55.Kg4 Ra2d2
56.Rg7a7 Ke5
57.Ra7xa6 Rd2xd5
58.cxd5 Kxd5
59.Ra6xf6 c4
60.Rf6xh6 Ng5e4
61.Kf4 c3
62.Rh6h1 Ne4c5
63.Rh1d1 Kc4
64.Kg5 c2
65.Rd1c1 Kc3
66.f6 Kb2
67.Rc1xc2 { draw }
1/2-1/2

[Event "Match"]
[Site "www.echecsemail.com"]
[Date "2016.02.20"]
[Round "1"]
[White "Chapi"]
[Black "Elogic"]
[WhiteElo "2040"]
[BlackElo "1910"]
[Result "1-0"]
[Round "1"]
1.d4 Ng8f6
2.c4 d5
3.cxd5 Nf6xd5
4.e4 Nd5b6
5.Ng1f3 c6
6.Bf1e2 g6
7.O-O Bf8g7
8.Bc1g5 Bc8e6
9.Nb1c3 Nb8d7
10.b3 O-O
11.a4 a5
12.Bg5e3 Qd8c7
13.e5 f6
14.Ra1c1 fxe5
15.dxe5 Nd7xe5
16.Nc3b5 Ne5xf3
17.Be2xf3 Qc7b8
18.Be3xb6 cxb5
19.Rf1e1 bxa4
20.Re1xe6 a3
21.Re6xe7 a2
22.Re7xg7 Kxg7
23.Bb6d4 Kh6
24.Rc1c5 Rf8f5
25.Rc5xf5 gxf5
26.Qd1d2 Kg6
27.Qd2xa2 Qb8e8
28.h4 Qe8e1
29.Kh2 Qe1b4
30.Qa2c2 Qb4xd4
31.g4 Qd4f4
32.Kg2 Ra8b8
33.gxf5 Qf4xf5
34.Bf3e4 Qf5xe4
35.Qc2xe4 Kg7
36.Qe4e5 { resign }
1-0

[Event "Match"]
[Site "www.echecsemail.com"]
[Date "2016.02.20"]
[Round "1"]
[White "Viennie27"]
[Black "Wagner"]
[WhiteElo "1499"]
[BlackElo "1750"]
[Result "0-1"]
[Round "1"]
1.e4 e5
2.Nb1c3 c6
3.Ng1f3 d6
4.d4 Bc8g4
5.d5 Qd8a5
6.Bc1d2 Qa5b6
7.Nc3a4 Qb6d8
8.c4 Ng8f6
9.Qd1c2 c5
10.b4 Nb8a6
11.a3 Nf6d7
12.b5 Na6c7
13.h3 Bg4xf3
14.gxf3 Bf8e7
15.Rh1g1 Be7f6
 { time }
0-1

[Event "Match"]
[Site "www.echecsemail.com"]
[Date "2016.02.20"]
[Round "1"]
[White "Olddog55"]
[Black "Viennie27"]
[WhiteElo "1600"]
[BlackElo "1499"]
[Result "1-0"]
[Round "1"]
1.d4 Ng8f6
2.e3 d5
3.Ng1f3 e6
4.Bf1d3 Nb8c6
5.b3 Bf8d6
6.Bc1b2 Nf6d7
7.O-O a5
8.Nf3g5 Qd8xg5
9.f4 Qg5e7
10.Rf1f3 f5
11.Rf3h3 Nd7f6
12.Nb1d2 Nf6g4
13.g3 Ng4xe3
14.Qd1e2 Ne3g4
15.Nd2f3 Ng4f6
16.Nf3e5 Bd6xe5
17.dxe5 Nf6g4
18.a4  { time }
1-0

[Event "Match"]
[Site "www.echecsemail.com"]
[Date "2016.02.20"]
[Round "1"]
[White "Bojan"]
[Black "Mitja"]
[WhiteElo "1960"]
[BlackElo "1830"]
[Result "1-0"]
[Round "1"]
1.e4 d5
2.exd5 Qd8xd5
3.Nb1c3 Qd5d8
4.h3 e6
5.Ng1f3 c6
6.d4 h6
7.Nc3e4 Ng8f6
8.Ne4xf6 Qd8xf6
9.a3 Nb8d7
10.b4 a6
11.Bc1b2 b5
12.Qd1d2 Nd7b6
13.Ra1d1 Bc8b7
14.Nf3e5 Bf8d6
15.f4 Qf6h4
16.Qd2f2 Qh4e7
17.g3 Bd6xe5
18.fxe5 Nb6a4
19.Bb2c1 Na4c3
20.Rd1d3 Nc3a4
21.Rd3f3 c5
22.dxc5 Bb7xf3
23.Qf2xf3 O-O
24.Bf1d3 f5
25.O-O Ra8d8
26.Qf3c6 Rd8a8
27.c4 Rf8c8
28.Qc6f3 Ra8b8
29.g4 fxg4
30.Qf3xg4 g5
31.cxb5 axb5
32.Rf1f6 Rc8c6
33.Rf6xh6 Kf8
34.Bc1xg5 Qe7c7
35.Rh6h8 { resign }
1-0

[Event "Match"]
[Site "www.echecsemail.com"]
[Date "2016.02.20"]
[Round "1"]
[White "Ssharp"]
[Black "Bojan"]
[WhiteElo "2250"]
[BlackElo "2080"]
[Result "1-0"]
[Round "1"]
1.e4 e5
2.Ng1f3 Bf8d6
3.Bf1c4 h6
4.Nb1c3 Nb8c6
5.O-O a6
6.d4 exd4
7.Nf3xd4 Nc6e5
8.Bc4b3 g6
9.f4 Ne5c6
10.Nd4f3 Nc6a5
11.Bb3xf7 Kxf7
12.Qd1d5 Kg7
13.Qd5xa5 Qd8e7
14.Qa5a4 Bd6c5
15.Kh1 d6
16.b4 Bc5b6
17.Bc1b2 Kh7
18.Nc3d5 Qe7xe4
19.Nd5xb6 cxb6
20.Bb2xh8 Kxh8
21.Ra1e1 Qe4f5
22.Qa4e8 Qf5d7
23.Qe8xg6 Qd7g7
24.Qg6xd6 Bc8f5
25.Nf3h4 Bf5xc2
26.f5 Ra8f8
27.Nh4g6 { resign }
1-0

[Event "Match"]
[Site "www.echecsemail.com"]
[Date "2016.02.20"]
[Round "1"]
[White "Billyg"]
[Black "Elogic"]
[WhiteElo "1650"]
[BlackElo "1669"]
[Result "0-1"]
[Round "1"]
1.e4 c5
2.Ng1f3 e6
3.Bf1c4 Qd8c7
4.Nb1a3 a6
5.O-O b5
6.Bc4e2 b4
7.Na3c4 Bc8b7
8.Nf3g5 Bf8e7
9.d4 Be7xg5
10.Bc1xg5 f6
11.Bg5h4 Bb7xe4
12.Bh4g3 Qc7c6
13.f3 Be4d5
14.Nc4d6 Ke7
15.Nd6c4 Bd5xc4
16.Be2xc4 d5
17.Bc4e2 c4
18.Ra1c1 Nb8d7
19.b3 c3
20.a4 Ng8h6
21.h3 Nh6f5
22.Bg3f4 e5
23.dxe5 fxe5
24.Bf4g5 Nd7f6
25.Qd1d3 Qc6c5
26.Kh2 Nf5d4
27.Bg5xf6 gxf6
28.f4 e4
29.Qd3d1 Nd4xe2
30.Qd1xe2 a5
31.Rf1f3 Kf7
32.Rf3g3 h5
33.Qe2b5 Qc5xb5
34.axb5 d4
35.Rc1d1 Ra8d8
36.b6 Rd8d7
37.f5 Rh8g8
38.Rg3xg8 Kxg8
39.g4 hxg4
40.hxg4 e3
41.g5 fxg5
42.Kg2 Kg7
43.Kg3 Kf6
44.Rd1f1 Rd7b7
45.Rf1d1 Kxf5
46.Rd1xd4 e2
47.Kf2 Rb7e7
48.Rd4d5 Kf4
49.Ke1 g4
50.Rd5xa5 g3
51.Ra5a7 Re7e6
52.b7 Re6e8
53.Ra7a8 g2
54.Ra8xe8 g1Q
55.Kxe2 Qg1g2
56.Kd3 Qg2xb7
57.Re8f8 Ke5
58.Rf8e8 Kd6
59.Ke3 Qb7d7
60.Re8e4 Qd7a7
61.Re4d4 Kc5
62.Rd4c4 Kb5
63.Kd3 Qa7h7
64.Rc4e4 Qh7h3
65.Re4e3 Qh3f1
66.Re3e2 Kc5
67.Ke3 Qf1c1
68.Kf3 Kd4
69.Re2e4 Kd5
70.Re4e2 Qc1d1
71.Kf2 Kd4
72.Kf3 Qd1h1
73.Re2g2 Qh1xg2
74.Kxg2 Ke3
75.Kf1 Kd2
76.Kf2 Kxc2
{ resign }
0-1

[Event "1/64 Finale"]
[Site "www.chess-mail.com"]
[Date "2016.02.20"]
[Round "1"]
[White "Llord"]
[Black "Leeds"]
[WhiteElo "1830"]
[BlackElo "1810"]
[Result "1-0"]
[Round "1"]
1.e4 e6
2.d4 d5
3.e5 c5
4.c3 Nb8c6
5.Ng1f3 Qd8b6
6.Bf1d3 Bc8d7
7.b3 cxd4
8.cxd4 Nc6xd4
9.Bc1e3 Nd4xf3
10.Qd1xf3 Bf8b4
11.Ke2 Bb4c5
12.Be3xc5 Qb6xc5
13.Nb1d2 Ng8e7
14.Ra1c1 Qc5b6
15.Rh1e1 O-O
16.Qf3h5 g6
17.Qh5h4 Ne7c6
18.Kf1 Nc6b4
19.Bd3b1 Bd7b5
20.Kg1 Nb4d3
21.Bb1xd3 Bb5xd3
22.Re1e3 Bd3a6
23.Nd2f3 Kg7
24.Nf3g5 h6
25.Re3h3 Rf8h8
26.Ng5xf7 { resign }
1-0

[Event "1/64 Finale"]
[Site "www.chess-mail.com"]
[Date "2016.02.20"]
[Round "1"]
[White "Mitja"]
[Black "Elogic"]
[WhiteElo "1870"]
[BlackElo "1840"]
[Result "1-0"]
[Round "1"]
1.d4 Ng8f6
2.e3 d5
3.h3 Qd8d6
4.Ng1f3 a6
5.c3 b5
6.a4 Bc8b7
7.axb5 axb5
8.Ra1xa8 Bb7xa8
9.Bf1xb5 c6
10.Bb5e2 Nb8d7
11.Qd1a4 Nd7b6
12.Qa4a6 Nf6d7
13.Nf3e5 Qd6b8
14.Ne5xd7 Nb6xd7
15.b4 g6
16.Nb1d2 Bf8h6
17.O-O e5
18.Bc1b2 e4
19.Rf1a1 O-O
20.Qa6a4 f5
21.Nd2b3 Nd7b6
22.Qa4a2 Nb6c4
23.Be2xc4 dxc4
24.Nb3c5 Qb8b5
25.Qa2b1 Bh6g5
26.Qb1f1 Rf8e8
27.Ra1a5 Qb5b6
28.Qf1xc4 Kh8
29.Qc4f7 Re8g8
30.Ra5a7 { resign }
1-0

[Event "Fast Game"]
[Site "www.echecsemail.com"]
[Date "2016.02.20"]
[Round "1"]
[White "Hennie4820"]
[Black "Mitja"]
[WhiteElo "1730"]
[BlackElo "1690"]
[Result "1-0"]
[Round "1"]
1.e4 d5
2.exd5 Qd8xd5
3.Nb1c3 Qd5d8
4.d4 e6
5.Ng1f3 h6
6.Bf1c4 c6
7.O-O Ng8f6
8.Bc1f4 Nb8d7
9.Rf1e1 Nd7b6
10.Bc4b3 Nf6d5
11.Nc3xd5 Nb6xd5
12.Bf4g3 Bf8e7
13.c4 Nd5f6
14.Qd1e2 O-O
15.d5 cxd5
16.cxd5 Nf6xd5
17.Ra1d1 Be7b4
18.Re1f1 Rf8e8
19.Qe2e4 Bb4d6
20.Bb3c2 f5
21.Qe4a4 Bc8d7
22.Qa4b3 b6
23.Bg3xd6 { resign }
1-0

[Event "Tourn. n8496"]
[Site "www.chess-mail.com"]
[Date "2016.02.21"]
[Round "1"]
[White "Falcoale"]
[Black "Piekki"]
[WhiteElo "1900"]
[BlackElo "1770"]
[Result "0-1"]
[Round "1"]
1.e4 e5
2.Ng1f3 Nb8c6
3.Bf1c4 Bf8c5
4.O-O Ng8f6
5.a3 O-O
6.b4 Bc5b6
7.d3 d6
8.Bc1b2 Bc8g4
9.h3 Bg4h5
10.Nb1d2 a5
11.Qd1c1 axb4
12.axb4 Ra8xa1
13.Bb2xa1 Nc6xb4
14.c3 Nb4c6
15.Nf3h2 Bh5g6
16.Nd2f3 d5
17.exd5 Nf6xd5
18.d4 e4
19.Nf3d2 Nc6e7
20.Rf1e1 f5
21.Re1d1 c6
22.Nd2f1 Kh8
23.Nf1g3 Bb6c7
24.Nh2f1 Bc7f4
25.Qc1b2 Bf4g5
26.Qb2xb7 f4
27.Ng3h1 Bg6h5
28.Nf1h2 Bh5xd1
29.Qb7b1 Bd1h5
30.Qb1xe4 Bh5g6
31.Qe4e1 Rf8e8
32.Qe1d1 Ne7f5
33.Nh2g4 Bg6h5
34.Qd1c2 Re8e1
35.Bc4f1 Bh5xg4
36.hxg4 Nf5e3
37.fxe3 Nd5xe3
38.Qc2a4 Re1xf1
39.Kh2 Ne3xg4
40.Kh3 h5
41.Qa4xc6 Rf1xh1
{ resign }
0-1

[Event "Tourn. n8560"]
[Site "www.chess-mail.com"]
[Date "2016.02.21"]
[Round "1"]
[White "Starwind"]
[Black "Julian"]
[WhiteElo "1809"]
[BlackElo "1990"]
[Result "1-0"]
[Round "1"]
1.f4 Ng8f6
2.Ng1f3 g6
3.g3 Bf8g7
4.Bf1g2 d6
5.O-O O-O
6.d3 c6
7.e4 Nb8d7
8.Qd1e2 Qd8c7
9.e5 dxe5
10.fxe5 Nf6g4
11.d4 c5
12.h3 Ng4h6
13.c3 cxd4
14.cxd4 Nh6f5
15.Qe2f2 Nd7b6
16.g4 Nf5h6
17.Qf2h4 Nh6xg4
18.hxg4 Bc8e6
19.Nf3g5 h6
20.Ng5xe6 fxe6
21.Bc1xh6 Rf8xf1
22.Bg2xf1 Ra8f8
23.Nb1c3 Nb6d5
24.Nc3xd5 exd5
25.Ra1c1 Qc7d7
26.Bh6e3 e6
27.Kg2 Qd7f7
28.Bf1e2 a6
29.Rc1h1 Qf7c7
30.Qh4h7 Kf7
31.Be2d3 Ke8
32.Be3g5 Rf8h8
33.Bd3xg6 { resign }
1-0

[Event "Tourn. n8605"]
[Site "www.chess-mail.com"]
[Date "2016.02.21"]
[Round "1"]
[White "Osopanda"]
[Black "Malbertan"]
[WhiteElo "1980"]
[BlackElo "2020"]
[Result "0-1"]
[Round "1"]
1.d4 e5
2.dxe5 Nb8c6
3.Ng1f3 Qd8e7
4.e4 Nc6xe5
5.Nb1c3 Ng8f6
6.Nf3xe5 Qe7xe5
7.Bf1c4 Bf8b4
8.O-O Bb4xc3
9.bxc3 O-O
10.Bc1e3 Qe5xe4
11.Bc4d3 Qe4c6
12.Be3d4 d5
13.Qd1f3 Nf6e4
14.Rf1e1 f5
15.Qf3h5 Ne4f6
16.Qh5f3 Bc8d7
17.Re1e7 Ra8d8
18.Ra1e1 Qc6d6
19.Bd3xf5 Bd7xf5
20.Qf3xf5 g6
21.Qf5e6 Qd6xe6
22.Re1xe6 Nf6e8
23.h4 b6
24.Bd4e3 Ne8d6
25.Be3h6 Rf8f7
26.Bh6g5 Rf7xe7
27.Re6xe7 Rd8c8
28.Re7e5 c6
29.Re5e7 a5
30.Bg5h6 Nd6f5
{ resign }
0-1

[Event "Tourn. n8558"]
[Site "www.chess-mail.com"]
[Date "2016.02.21"]
[Round "1"]
[White "Darko10"]
[Black "Yangqi"]
[WhiteElo "2510"]
[BlackElo "2620"]
[Result "1/2-1/2"]
[Round "1"]
1.e4 e5
2.Ng1f3 Nb8c6
3.d3 Ng8f6
4.c3 d5
5.Nb1d2 a5
6.Bf1e2 Bf8e7
7.O-O O-O
8.Rf1e1 a4
9.Be2f1 d4
10.h3 Nf6d7
11.Nd2c4 b5
12.Nc4a3 Ra8b8
13.Na3c2 Be7c5
14.Bc1d2 Qd8e7
15.a3 Qe7d6
16.cxd4 exd4
17.Nc2b4 Nc6e7
18.e5 Qd6b6
19.Ra1c1 Bc8b7
20.Nf3g5 h6
21.Ng5e4 Bc5xb4
22.Bd2xb4 Bb7xe4
23.Re1xe4 c5
24.Bb4d2 Rf8e8
25.Qd1g4 Qb6e6
26.Qg4xe6 fxe6
27.Bf1e2 Ne7c6
28.f4 c4
29.dxc4 Nd7c5
30.Be2f3 Nc6e7
31.Re4xd4 Nc5b3
32.Rd4d7 Nb3xc1
33.Bd2xc1 bxc4
34.Kf2 Ne7d5
35.Bf3h5 Re8f8
36.g3 c3
37.bxc3 Nd5xc3
38.Bh5g6 Nc3d5
39.Rd7a7 Rf8c8
40.Bc1d2 Rb8b2
41.Ke1 Rc8f8
42.Ra7xa4 Rb2b3
43.Kf2 Rf8d8
44.Bd2c1 Nd5e7
45.Bg6e4 Rb3c3
46.Bc1e3 Ne7f5
47.Be4xf5 exf5
48.e6 Rc3c6
49.Ra4a5 Rc6xe6
50.Ra5xf5 Rd8d3
51.Be3c5 Re6e4
52.h4 Re4c4
53.Rf5f8 Kh7
54.Bc5e3 Rd3xa3
55.h5 Rc4e4
56.Be3c1 Ra3c3
57.Bc1d2 Rc3d3
58.Bd2c1 Re4a4
59.Bc1e3 Ra4a5
60.g4 Ra5a2
61.Kf3 Ra2h2
62.Ke4 Rd3b3
63.Rf8e8 Rh2h4
64.Kf5 Rb3b5
65.Re8e5 Rb5b7
66.g5 Rh4xh5
67.Re5e6 hxg5
68.fxg5 Rb7b5
69.Kg4 g6
70.Re6d6 Rb5e5
71.Be3f4 Re5e1
72.Rd6d7 Kg8
73.Rd7d6 Kf7
74.Rd6f6 Kg7
{ draw }
1/2-1/2

[Event "Tourn. n8592"]
[Site "www.chess-mail.com"]
[Date "2016.02.21"]
[Round "1"]
[White "Julian"]
[Black "Elogic"]
[WhiteElo "2000"]
[BlackElo "2059"]
[Result "1-0"]
[Round "1"]
1.e4 c6
2.d4 e5
3.Ng1f3 exd4
4.Bf1c4 Bf8b4
5.c3 dxc3
6.Nb1xc3 d6
7.O-O Qd8d7
8.Rf1e1 Ng8f6
9.Bc1g5 Nf6g4
10.h3 h6
11.Bg5f4 g5
12.Bf4g3 Ng4f6
13.e5 Nf6h5
14.exd6 Kd8
15.Re1e7 Qd7f5
16.Re7xf7 Nh5f6
17.Bg3e5 Nb8d7
18.g4 Qf5g6
19.Be5xf6 Nd7xf6
20.Qd1d4 b5
21.Rf7xf6 Qg6g7
22.Bc4b3 c5
23.Qd4e5 c4
24.Nc3d5 Rh8e8
25.Nd5e7 cxb3
26.Ne7c6 Kd7
27.Nc6e7 Kd8
28.Qe5xb5 Qg7xf6
29.Nf3e5 Bb4xd6
30.Ne5c6 Kc7
31.Ne7d5 { resign }
1-0

[Event "Tourn. n8583"]
[Site "www.chess-mail.com"]
[Date "2016.02.21"]
[Round "1"]
[White "Louis"]
[Black "Osopanda"]
[WhiteElo "1860"]
[BlackElo "1980"]
[Result "0-1"]
[Round "1"]
1.d4 Ng8f6
2.c4 e6
3.Ng1f3 c5
4.d5 d6
5.Nb1c3 Bf8e7
6.e4 O-O
7.Bf1d3 Rf8e8
8.O-O Be7f8
9.b3 exd5
10.exd5 Bc8g4
11.h3 Bg4h5
12.g4 Bh5g6
13.Bd3xg6 hxg6
14.Bc1g5 Nb8d7
15.Qd1d2 Qd8e7
16.Rf1e1 Qe7d8
17.Re1xe8 Qd8xe8
18.Ra1e1 Qe8b8
19.Bg5f4 a6
20.a4 Nf6h7
21.Nc3e4 Nd7f6
22.Ne4xc5 Qb8a7
23.Nc5d3 g5
24.Nf3xg5 Nh7xg5
25.Bf4xg5 Nf6h7
26.Bg5e3 b6
27.Nd3b4 Qa7c7
28.Nb4c6 Ra8e8
29.Qd2c3 g6
30.Qc3f6 Nh7xf6
{ resign }
0-1

[Event "Match"]
[Site "www.echecsemail.com"]
[Date "2016.02.21"]
[Round "1"]
[White "Xkafi"]
[Black "Elogic"]
[WhiteElo "1920"]
[BlackElo "2150"]
[Result "1-0"]
[Round "1"]
1.e4 Nb8c6
2.d4 e6
3.Bc1f4 g5
4.Bf4g3 Ng8f6
5.Nb1c3 Bf8b4
6.Qd1d3 d6
7.a3 Bb4xc3
8.bxc3 Bc8d7
9.Ng1f3 g4
10.Nf3g5 h6
11.e5 hxg5
12.exf6 Qd8xf6
13.Ra1b1 O-O-O
14.Qd3b5 b6
15.Qb5a6 Kb8
16.Bf1d3 e5
17.O-O exd4
18.c4 Bd7c8
19.Qa6b5 Nc6e5
20.Bd3e4 Bc8d7
21.Qb5a6 Bd7c8
22.Qa6b5 Bc8b7
23.Be4xb7 Kxb7
24.Rf1e1 c6
25.Qb5b2 Ne5xc4
26.Qb2b4 d5
27.Re1e7 Ka6
28.Bg3e5 Qf6h6
29.Re7xf7 Rh8e8
30.Be5xd4 Qh6d6
31.Rf7xa7 Kxa7
32.Bd4xb6 Ka8
33.Qb4a4 Kb7
34.Bb6c5 Kc7
35.Qa4a7 Kc8
36.Qa7b7 { resign }
1-0

[Event "Match"]
[Site "www.echecsemail.com"]
[Date "2016.02.21"]
[Round "1"]
[White "Pinehill"]
[Black "Crush"]
[WhiteElo "2060"]
[BlackElo "1630"]
[Result "1-0"]
[Round "1"]
1.e4 e5
2.d4 exd4
3.c3 Nb8c6
4.cxd4 Ng8f6
5.Nb1c3 d6
6.Ng1f3 g6
7.Bf1e2 Bf8g7
8.O-O O-O
9.h3 Rf8e8
10.Bc1e3 Nf6xe4
11.Nc3xe4 Re8xe4
12.Qd1c2 Bc8f5
13.Qc2d2 Qd8e7
14.Be2d3 Re4e6
15.Bd3xf5 gxf5
16.d5 Re6e4
17.dxc6 bxc6
18.Rf1e1 d5
19.Ra1c1 f4
20.Be3xf4 Bg7xb2
21.Qd2xb2 Qe7d7
22.Qb2f6 Re4e6
23.Re1xe6 fxe6
24.Bf4e5 Ra8f8
25.Qf6h8 Kf7
26.Qh8xh7 Ke8
27.Qh7xd7 Kxd7
28.Nf3d4 Rf8f5
29.Nd4xf5 exf5
30.h4 Ke6
31.f4 Kf7
32.Rc1xc6 Ke7
33.Rc6xc7 Kd8
34.Rc7xa7 Kc8
35.h5 d4
36.h6 Kd8
37.h7 { resign }
1-0

[Event "Match"]
[Site "www.echecsemail.com"]
[Date "2016.02.21"]
[Round "1"]
[White "Mitja"]
[Black "Elogic"]
[WhiteElo "1820"]
[BlackElo "1910"]
[Result "0-1"]
[Round "1"]
1.d4 Ng8f6
2.h3 d5
3.c3 e6
4.e3 b6
5.Ng1f3 Nf6e4
6.Nb1d2 Ne4xd2
7.Qd1xd2 Bc8b7
8.Bf1e2 Nb8d7
9.Be2b5 c6
10.Bb5e2 Bf8e7
11.b3 Qd8c7
12.Bc1b2 O-O-O
13.a4 a5
14.b4 axb4
15.cxb4 Nd7f6
16.O-O Nf6e4
17.Qd2e1 h6
18.b5 c5
19.dxc5 Ne4xc5
20.Nf3e5 Rh8f8
21.Ra1c1 Kb8
22.Qe1c3 Be7f6
23.f4 Bf6e7
24.Rc1c2 Be7f6
25.Rf1c1 Rd8c8
26.Bb2a3 Bf6e7
27.Ba3xc5 Be7xc5
28.Be2f3 f6
29.Ne5d3 Bc5xe3
30.Kf1 Qc7xc3
31.Rc2xc3 Be3xc1
{ resign }
0-1